Loading...
| Literature - American Literature | 3 | 2 | 1 | 0 | 60 | 49 | 81.80 | 1 | 3 |
| Literature - European Literature | 1 | 4 | 0 | 2 | 55 | 57 | 92.60 | 1 | 4 |
| Fine Arts - Visual Fine Arts | 2 | 2 | 0 | 1 | 50 | 68 | 82.25 | 1 | 4 |
| Fine Arts - Other Fine Arts | 1 | 2 | 1 | 1 | 30 | 39 | 88.67 | 1 | 2 |
| Literature - World Literature | 2 | 1 | 2 | 1 | 30 | 41 | 74.00 | 1 | 2 |
| Fine Arts - Auditory Fine Arts | 0 | 3 | 1 | 0 | 25 | 68 | 89.00 | 1 | 3 |
| Literature - British Literature | 1 | 2 | 2 | 1 | 25 | 15 | 91.67 | 1 | 2 |
| Social Science | 1 | 0 | 0 | 1 | 15 | 45 | 45.00 | 0 | 1 |
| Pop Culture | 0 | 1 | 0 | 0 | 10 | 93 | 93.00 | 0 | 1 |
| Science - Other Science | 0 | 1 | 0 | 1 | 10 | 127 | 127.00 | 0 | 1 |
| History - Other History | 0 | 0 | 1 | 0 | -5 | 0.00 | 0 | 0 | |
| History - American History | 0 | 0 | 1 | 0 | -5 | 0.00 | 0 | 0 | |
| History - World History | 0 | 0 | 1 | 0 | -5 | 0.00 | 0 | 0 |